Frustation im Frühen Kindesalter : Ergebnisse Von Entwicklungsstudien in Säuglings - und Kleinkinderheimen /
Đã lưu trong:
| Tác giả chính: | |
|---|---|
| Tác giả khác: | |
| Định dạng: | Sách |
| Ngôn ngữ: | German |
| Phiên bản: | 2a edición |
| Những chủ đề: | |
| Các nhãn: |
Không có thẻ, Là người đầu tiên thẻ bản ghi này!
|
MARC
| LEADER | 00000nam^a2200000^a^4500 | ||
|---|---|---|---|
| 001 | 000073912 | ||
| 005 | 20250521000000.0 | ||
| 009 | 20260526120611.443 | ||
| 037 | |a Acervo ITESO - Biblioteca | ||
| 041 | |a ALE | ||
| 082 | |a 157. 9 |b MEI | ||
| 100 | |a Meierhofer, Marie |e (autor) | ||
| 245 | |a Frustation im Frühen Kindesalter : |b Ergebnisse Von Entwicklungsstudien in Säuglings - und Kleinkinderheimen / |c M. Meierhofen, W. Keller. | ||
| 250 | |a 2a edición | ||
| 264 | |a Berna, Suiza : |b Hans Huber, |c 1970 | ||
| 300 | |a 259 p. | ||
| 336 | |a texto |b txt |2 rdacontenido | ||
| 337 | |a sin mediación |b n |2 rdamedio | ||
| 338 | |a volumen |b nc |2 rdasoporte | ||
| 649 | |a XX | ||
| 650 | |a Psicología Clínica | ||
| 650 | |a Psicología Clínica - |x Teoría | ||
| 700 | |a Keller, Wilhelm |e (autor) | ||
| 910 | |a Fondo Armando Suárez Gómez | ||
| 920 | |a Impresos - Libros | ||
| 930 | |a Fondos Especiales | ||
| 905 | |a 111 | ||
| 901 | |a 0700002933 |b IT2 |c ESP |u 20250521 | ||
| 902 | |a https://opac.biblio.iteso.mx/vufind/Record/000073912 | ||